| 000 | 00761nam a2200241 a 4500 | ||
|---|---|---|---|
| 003 | DO-SdBNP | ||
| 005 | 20220815141341.0 | ||
| 007 | ta | ||
| 008 | 220815e2022 dr ||||gr|||| 00| 0dspa d | ||
| 020 | _a9789945504194 | ||
| 040 |
_aDO-SdBNP _bspa _cBNPHU |
||
| 082 | 4 |
_222 _bP349d |
|
| 100 | 1 |
_98483 _aPeña, Victor Manuel |
|
| 245 | 1 | 3 |
_aEl desarrollo económico en la globalización / _cVíctor Manuel Peña |
| 260 |
_a[Santo Domingo] : _bEl Nuevo Diario, _c2021 |
||
| 300 |
_a143 p. ; _c23 cm. |
||
| 504 | _aBibliografía: p. 139- 143 | ||
| 590 | _aInventariado 2022 / MF | ||
| 650 | 4 |
_950785 _aDesarrollo y Crecimiento Económico _zRepública Dominicana |
|
| 650 | 4 |
_94402 _aEconomía _xToría Desarrollo Económico |
|
| 910 | _aMFeliz | ||
| 942 |
_2ddc _cLBS1 |
||
| 999 |
_c52281 _d52281 |
||